000 01334cam a2200301 a 4500
001 2770
003 FISKH
005 20240112161238.0
008 011105s2002 mau 000 1 eng
010 _a 2001050622
020 _a0316666343 (alk. paper)
020 _a9780316666343
040 _aDLC
_beng
_cDLC
_dDLC
050 0 0 _aPS3619.E26
_bL68 2002
082 0 0 _a813/.6
_221
100 1 _aSebold, Alice.
245 1 4 _aThe lovely bones :
_ba novel /
_cAlice Sebold.
260 _aNew York :
_bLittle, Brown,
_c2002.
300 _a328 p. ;
_c22 cm.
520 _a"My name was Salmon, like the fish; first name, Susie. I was fourteen when I was murdered on December 6, 1973." So begins the story of Susie Salmon, who is adjusting to her new home in heaven, a place that is not at all what she expected, even as she is watching life on earth continue without her, her friends trading rumors about her disappearance, her killer trying to cover his tracks, her grief-stricken family unraveling.
561 _5DLC
650 0 _aMurder victims' families
_vFiction.
650 0 _aTeenage girls
_xCrimes against
_vFiction.
655 7 _aPsychological fiction.
_2lcsh
655 7 _aDomestic fiction.
_2lcsh
906 _a7
_bcbc
_corignew
_d1
_eocip
_f20
_gy-gencatlg
942 _2ddc
_cBK
_n0
999 _c2770
_d2770